Historia crítica y social de la ciudad de Santiago: desde su fundación hasta nuestros días (1541-1868)
Saved in:
| Hovedforfatter: | |
|---|---|
| Format: | Bog |
| Sprog: | spansk |
| Udgivet: |
Valparaíso, Chile
Imprenta del Mercurio
1869
|
| Fag: | |
| Tags: |
Tilføj Tag
Ingen Tags, Vær først til at tagge denne postø!
|
MARC
| LEADER | 00000nam a2200000 a 4500 | ||
|---|---|---|---|
| 001 | UCO2636 | ||
| 003 | CL-VaPUC | ||
| 005 | 20230908155057.0 | ||
| 008 | 000608e18690000CL |||||||||||||||||spa|d | ||
| 999 | |c 289140 |d 289138 | ||
| 040 | |c Pontificia Universidad Católica de Valparaíso | ||
| 082 | 0 | 4 | |a 983.315 VIC 1869 |2 21 |
| 100 | |a Vicuña Mackenna, Benjamín, |d 1831-1886 |x Político e historiador |z Chile |e author |9 374 | ||
| 245 | 1 | 0 | |a Historia crítica y social de la ciudad de Santiago: |b desde su fundación hasta nuestros días (1541-1868) |
| 260 | |a Valparaíso, Chile |b Imprenta del Mercurio |c 1869 | ||
| 300 | |a 2 volúmenes | ||
| 583 | |a last modification |c 20000608 00:00:00 |k Rodrigo Vera | ||
| 600 | 0 | 7 | |a Valdivia, Pedro de |2 CL-VaPUC |9 317024 |
| 600 | 0 | 7 | |a Villagra, Pedro de |2 CL-VaPUC |9 396267 |
| 600 | 0 | 7 | |a O'Higgins, Ambrosio |2 CL-VaPUC |9 443670 |
| 650 | 0 | |a Ciudades |z Santiago |z Chile |9 265474 | |
| 650 | 0 | |a Historia urbana |z Santiago |9 265140 | |
| 650 | 0 | |a Fundación de ciudades |z Santiago |9 396125 | |
| 650 | 7 | |a Historia de Chile |2 CL-VaPUC |9 446096 |y 1541-1868 |z Santiago | |
| 852 | |a BIBCUR | ||
| 942 | |c BK |2 ddc | ||
| 945 | |d 20000608 00:00:00 |a crobeson | ||
| 952 | |0 0 |1 0 |2 ddc |4 0 |6 983_315000000000000_VIC_1869 |7 0 |8 X |9 337335 |a BIBHIS |b BIBHIS |d 2019-11-20 |h v.1 |i 1293699 |o 983.315 VIC 1869 |p 1293699 |r 2019-11-20 |t 1 |w 2019-11-20 |y BK_X |k HIS | ||
| 952 | |0 0 |1 0 |2 ddc |4 0 |6 983_315000000000000_VIC_1869 |7 0 |8 X |9 337336 |a FDOBUD |b FDOBUD |d 2019-11-20 |h v.1 |i 1020404 |o 983.315 VIC 1869 |p 1020404 |r 2019-11-20 |t 2 |w 2019-11-20 |y BK_X |k BUD | ||
| 952 | |0 0 |1 0 |2 ddc |4 0 |6 983_315000000000000_VIC_1869 |7 0 |8 X |9 337337 |a FDOBUD |b FDOBUD |d 2019-11-20 |h v.2 |i 1020412 |o 983.315 VIC 1869 |p 1020412 |r 2019-11-20 |t 1 |w 2019-11-20 |y BK_X |k BUD | ||